| 000 | 00856nam a22002417a 4500 | ||
|---|---|---|---|
| 008 | 081008t xxu||||| |||| 00| 0 eng d | ||
| 010 | _aENG-91228 | ||
| 020 |
_a9788184550566 _c695.00 |
||
| 035 | _aEN-74761 | ||
| 037 | _bDBAD / PUB | ||
| 040 |
_adpl _bEnglish |
||
| 082 | _a657 | ||
| 245 |
_aAccounting in business enterprises / _cedited by Pankaj Mehra |
||
| 260 |
_aNew Delhi _bOmega Publications _c2008 |
||
| 270 |
_a4398/5, Ansari Road, Daryaganj _bNew Delhi _e110002 |
||
| 300 |
_av, 304p. _c22cm (Hb) |
||
| 500 | _aIncludes bibliographical references | ||
| 650 |
_aCorporations _xAccounting |
||
| 650 | _aAccounting | ||
| 700 | _aMehra, Pankaj | ||
| 942 |
_2ddc _cEN _mACC _h657 |
||
| 999 |
_c16401 _d16401 |
||